| 000 | 00463nam a22001817a 4500 | ||
|---|---|---|---|
| 003 | NUST - PNEC | ||
| 005 | 20170116180953.0 | ||
| 008 | 150909b xxu||||| |||| 00| 0 eng d | ||
| 020 | _a0070494916 | ||
| 040 | _cLIBRARY | ||
| 082 | _a629.28 SRI | ||
| 100 |
_99234 _a Srinivasan, S. |
||
| 245 |
_aAutomotive mechanics _cS. Srinivasan |
||
| 250 | _a2nd ed. | ||
| 260 | _cc.2003 | ||
| 650 |
_99235 _aMotor vehicles--Maintenance and repair _xME |
||
| 942 |
_2ddc _cBK |
||
| 999 |
_c66486 _d66486 |
||